00247nam a2200109 a 4500008004100000050001500041100001500056245002800071260002000099300000900119350000900128120416s1973 xx |||||||||||||| || u aTH 145 Chu aChudley, R10aConstruction technology abLongmanc1973 aill. a0.00